Gramática Latina

Sábháilte in:
Sonraí bibleagrafaíochta
Príomhchruthaitheoir: Gómez del Río, Francisco
Formáid: LEABHAR
Teanga:Undetermined
Foilsithe / Cruthaithe: Madrid, España Ediciones SM 1963
Ábhair:
Clibeanna: Cuir clib leis
Níl clibeanna ann, Bí ar an gcéad duine le clib a chur leis an taifead seo!

MARC

LEADER 00000nam a2200000Ia 4500
008 170316s9999 xx 000 0 und d
090 |a 415-L G-2g 
100 |a Gómez del Río, Francisco 
245 |a Gramática Latina 
260 |a Madrid, España 
260 |b Ediciones SM 
260 |c 1963 
300 |a 156 páginas 
650 |a GRAMÁTICA LATINA 
999 |c 19632  |d 19632 
040 |a cru BVZT 
942 |c 15 D  |h 415-L G-2g  |2 z